[Event "1st Tungsram it"]
[Site "Budapest HUN"]
[Date "1975.03.??"]
[Round "10"]
[White "Farago, Ivan"]
[WhiteElo "2460"]
[Black "Hulak, Krunoslav"]
[BlackElo "2475"]
[Result "1/2-1/2"]
[EventDate "1975.03.18"]
[PlyCount "48"]

1.d4 Nf6 2.c4 c5 3.d5 d6 4.Nc3 g6 5.e4 Bg7 6.Bf4 O-O 7.Nf3 a6 8.a4 Qa5 9.
Bd2 e6 10.Be2 Re8 11.O-O Qc7 12.dxe6 Bxe6 13.Bf4 Nc6 14.Bxd6 Qa5 15.Nd5 
Rac8 16.Nxf6+ Bxf6 17.e5 Bg7 18.Qb3 b6 19.Rfe1 Bg4 20.Qc3 Bxf3 21.Bxf3 
Qxc3 22.bxc3 Nxe5 23.Bxe5 Bxe5 24.Re3 Bf4 1/2-1/2

[Event "1st Tungsram it"]
[Site "Budapest HUN"]
[Date "1975.03.??"]
[Round "10"]
[White "Kirov, Nino"]
[WhiteElo "2435"]
[Black "Ribli, Zoltan"]
[BlackElo "2520"]
[Result "1/2-1/2"]
[EventDate "1975.03.18"]
[PlyCount "24"]

1.Nf3 g6 2.e4 Bg7 3.d4 d6 4.Nc3 Nf6 5.h3 O-O 6.Be3 c6 7.a4 a5 8.Qd2 Na6 9.
Be2 Qc7 10.O-O Rd8 11.Rfd1 Nb4 12.d5 1/2-1/2

[Event "1st Tungsram it"]
[Site "Budapest HUN"]
[Date "1975.03.??"]
[Round "11"]
[White "Sax, Gyula"]
[WhiteElo "2510"]
[Black "Smejkal, Jan"]
[BlackElo "2600"]
[Result "1/2-1/2"]
[EventDate "1975.03.18"]
[PlyCount "48"]

1.e4 e5 2.Nf3 Nc6 3.Bc4 Nf6 4.d4 exd4 5.Ng5 d5 6.exd5 Qe7+ 7.Kf1 Ne5 8.
Qxd4 Nxc4 9.Qxc4 Qc5 10.Qe2+ Be7 11.c4 Nxd5 12.Ne4 Qc6 13.Bg5 Bxg5 14.
Nxg5+ Kf8 15.Qe4 Nb4 16.Nc3 Qxe4 17.Ngxe4 Bf5 18.f3 Bxe4 19.Nxe4 Ke7 20.
Ke2 Rhd8 21.Rhd1 Rxd1 22.Rxd1 Rd8 23.Rxd8 Kxd8 24.a3 Nc6 1/2-1/2

[Event "1st Tungsram it"]
[Site "Budapest HUN"]
[Date "1975.03.??"]
[Round "11"]
[White "Bilek, Istvan"]
[WhiteElo "2495"]
[Black "Polugaevsky, Lev"]
[BlackElo "2645"]
[Result "0-1"]
[EventDate "1975.03.18"]
[PlyCount "78"]

1.Nf3 d5 2.g3 c6 3.Bg2 Bg4 4.d4 Nd7 5.Nbd2 Ngf6 6.O-O e6 7.b3 Be7 8.Bb2 a5
9.Ne1 Bf5 10.a3 O-O 11.Nd3 h6 12.c4 b6 13.Rc1 Rc8 14.Re1 Bh7 15.Nf3 Ne4 
16.Nfe5 Nxe5 17.Nxe5 c5 18.cxd5 exd5 19.e3 Qd6 20.f3 Nf6 21.Bh3 Rc7 22.a4 
Re8 23.Qd2 Bf8 24.Red1 Qd8 25.Bf1 Qc8 26.Bb5 Rd8 27.Bd3 Bxd3 28.Qxd3 Qe6 
29.Kg2 Rdc8 30.Qd2 Bd6 31.Qe2 h5 32.h3 Nh7 33.g4 cxd4 34.Rxc7 Rxc7 35.f4 
f6 36.Nf3 dxe3 37.gxh5 Qe4 38.Rd3 Bxf4 39.Rd4 Rc2 0-1

[Event "1st Tungsram it"]
[Site "Budapest HUN"]
[Date "1975.03.??"]
[Round "11"]
[White "Hulak, Krunoslav"]
[WhiteElo "2475"]
[Black "Kirov, Nino"]
[BlackElo "2435"]
[Result "1/2-1/2"]
[EventDate "1975.03.18"]
[PlyCount "28"]

1.c4 c5 2.Nc3 Nc6 3.g3 g6 4.Bg2 Bg7 5.Nf3 e6 6.O-O Nge7 7.e3 O-O 8.d4 cxd4
9.Nxd4 Nxd4 10.exd4 d5 11.cxd5 Nxd5 12.Nxd5 exd5 13.Be3 Be6 14.Qb3 Qb6 
1/2-1/2

[Event "1st Tungsram it"]
[Site "Budapest HUN"]
[Date "1975.03.??"]
[Round "11"]
[White "Holm, Sejer"]
[WhiteElo "2390"]
[Black "Farago, Ivan"]
[BlackElo "2460"]
[Result "1/2-1/2"]
[EventDate "1975.03.18"]
[PlyCount "56"]

1.d4 e6 2.Nf3 Nf6 3.c4 d5 4.Nc3 c5 5.cxd5 Nxd5 6.e3 Nc6 7.Bd3 Be7 8.O-O 
O-O 9.a3 cxd4 10.exd4 Bf6 11.Bc2 Nxc3 12.bxc3 b6 13.Qd3 g6 14.Bh6 Re8 15.
Rfe1 Bb7 16.Rad1 Qc7 17.Ng5 Ne7 18.Qh3 Bxg5 19.Bxg5 Nd5 20.Be4 f5 21.Bxd5 
Bxd5 22.Bf6 Qf7 23.Be5 g5 24.Qd3 Rac8 25.f3 Rc4 26.Qd2 Qg6 27.Rb1 Rec8 28.
Rec1 f4 1/2-1/2

[Event "1st Tungsram it"]
[Site "Budapest HUN"]
[Date "1975.03.??"]
[Round "11"]
[White "Szabo, Laszlo"]
[WhiteElo "2545"]
[Black "Mariotti, Sergio"]
[BlackElo "2495"]
[Result "0-1"]
[EventDate "1975.03.18"]
[PlyCount "80"]

1.Nf3 Nc6 2.d4 d5 3.g3 Bg4 4.Bg2 g6 5.c3 Bg7 6.Qb3 Rb8 7.Nbd2 Nf6 8.h3 Bf5
9.g4 Bd7 10.Ne5 e6 11.Nxd7 Qxd7 12.e3 h5 13.g5 Ng8 14.h4 Nge7 15.Bh3 Nf5 
16.Bxf5 exf5 17.f4 O-O 18.Nf3 Rfe8 19.Ne5 Bxe5 20.dxe5 Nd8 21.O-O Ne6 22.
Rd1 Red8 23.Qc2 Qc6 24.b3 d4 25.Qg2 Qxc3 26.Bd2 Qd3 27.Qf3 Qa6 28.e4 Qc6 
29.Re1 fxe4 30.Qxe4 Qxe4 31.Rxe4 c5 32.Rf1 Ng7 33.a4 Kf8 34.e6 fxe6 35.Rc1
Rbc8 36.Rc4 Ke7 37.b4 b6 38.bxc5 bxc5 39.Re1 Nf5 40.Rec1 Rd5 0-1

[Event "1st Tungsram it"]
[Site "Budapest HUN"]
[Date "1975.03.??"]
[Round "11"]
[White "Espig, Lutz"]
[WhiteElo "2490"]
[Black "Pinter, Jozsef"]
[BlackElo "2410"]
[Result "1-0"]
[EventDate "1975.03.18"]
[PlyCount "85"]

1.Nf3 Nf6 2.c4 g6 3.b4 Bg7 4.Bb2 c6 5.e3 d6 6.Be2 Qb6 7.Bc3 O-O 8.O-O e5 
9.d3 Nbd7 10.Nbd2 Re8 11.Qc2 d5 12.Rab1 Qc7 13.Ba1 a5 14.a3 axb4 15.axb4 
h6 16.Rfc1 e4 17.dxe4 dxe4 18.Nd4 b6 19.Bc3 h5 20.Ra1 Bb7 21.Rxa8 Bxa8 22.
Ra1 Nf8 23.Ra3 Ng4 24.Nf1 Be5 25.Bxg4 hxg4 26.Ne2 Bd6 27.Neg3 c5 28.b5 Nd7
29.Qd1 Bxg3 30.Nxg3 Ne5 31.Bxe5 Qxe5 32.Qd7 Rf8 33.Nf1 Qb2 34.Ra6 Qc3 35.
Rxb6 Qxc4 36.Rd6 Qb4 37.b6 c4 38.Qe7 Qb1 39.Rd8 Rxd8 40.Qxd8+ Kh7 41.Qxa8 
c3 42.b7 c2 43.Qc8 1-0

[Event "1st Tungsram it"]
[Site "Budapest HUN"]
[Date "1975.04.??"]
[Round "12"]
[White "Ribli, Zoltan"]
[WhiteElo "2520"]
[Black "Hulak, Krunoslav"]
[BlackElo "2475"]
[Result "1/2-1/2"]
[EventDate "1975.03.18"]
[PlyCount "66"]

1.Nf3 g6 2.c4 Bg7 3.d4 Nf6 4.g3 O-O 5.Bg2 d6 6.Nc3 c5 7.O-O Nc6 8.dxc5 
dxc5 9.Bf4 Bd7 10.Qc1 Qc8 11.Rd1 Bh3 12.Bh1 Rd8 13.Qe3 Nh5 14.Rxd8+ Qxd8 
15.Qxc5 Nxf4 16.gxf4 Qd7 17.Qg5 Rd8 18.Bg2 Bxc3 19.Bxh3 Qxh3 20.bxc3 Qe6 
21.Ne5 f6 22.Qg4 f5 23.Qf3 Nxe5 24.fxe5 Qxe5 25.Rb1 b6 26.Rb5 Rd1+ 27.Kg2 
Qf6 28.c5 Qg5+ 29.Qg3 Qc1 30.Qe5 Rg1+ 31.Kf3 Rg4 32.Rb4 Qh1+ 33.Ke3 Qc1+ 
1/2-1/2

[Event "1st Tungsram it"]
[Site "Budapest HUN"]
[Date "1975.04.??"]
[Round "12"]
[White "Poutiainen, Pertti"]
[WhiteElo "2395"]
[Black "Sax, Gyula"]
[BlackElo "2510"]
[Result "1/2-1/2"]
[EventDate "1975.03.18"]
[PlyCount "90"]

1.g3 g6 2.Bg2 Bg7 3.c4 c5 4.Nc3 Nc6 5.Nf3 e5 6.O-O Nge7 7.a3 O-O 8.Rb1 a5 
9.Ne1 d6 10.d3 Be6 11.Nc2 d5 12.cxd5 Nxd5 13.Ne3 Nde7 14.Bd2 Nd4 15.b4 
cxb4 16.axb4 a4 17.Nxa4 Ba2 18.Rb2 Nxe2+ 19.Kh1 Bd5 20.Nxd5 Nxd5 21.Nc5 e4
22.Qxe2 Bxb2 23.Bh6 Bg7 24.Bxg7 Kxg7 25.Qxe4 Nf6 26.Qxb7 Qd6 27.Qxa8 Rxa8 
28.Bxa8 Qd4 29.Bg2 Qxb4 30.Ne4 Ng4 31.Ng5 Ne5 32.Nf3 Nxd3 33.Kg1 Qc5 34.h3
h5 35.Ne1 Nc1 36.h4 f5 37.Bf3 Nb3 38.Nd3 Qc2 39.Ne1 Qc3 40.Kg2 Nd2 41.Rg1 
f4 42.gxf4 Kf6 43.Be2 Qc6+ 44.Nf3 Qe4 45.Rd1 Nb3 1/2-1/2

[Event "1st Tungsram it"]
[Site "Budapest HUN"]
[Date "1975.04.??"]
[Round "12"]
[White "Kirov, Nino"]
[WhiteElo "2435"]
[Black "Holm, Sejer"]
[BlackElo "2390"]
[Result "1-0"]
[EventDate "1975.03.18"]
[PlyCount "130"]

1.Nf3 c5 2.g3 g6 3.Bg2 Bg7 4.d4 cxd4 5.Nxd4 Nc6 6.Nb3 d6 7.O-O Nf6 8.Nc3 
O-O 9.h3 a5 10.a4 Be6 11.e4 Bxb3 12.cxb3 Nd7 13.Re1 Nc5 14.Bf1 Qd7 15.Kh2 
f5 16.Bc4+ Kh8 17.f4 Bxc3 18.bxc3 fxe4 19.Qd2 Rad8 20.b4 d5 21.bxc5 dxc4 
22.Qxd7 Rxd7 23.Ra2 Rf5 24.Rxe4 Rxc5 25.Be3 Rcd5 26.Rxc4 Rd3 27.Re2 Kg8 
28.Kg2 Kf7 29.Kf2 Rd1 30.Rb2 Rh1 31.Kg2 Re1 32.Bf2 Ra1 33.Bb6 Rd3 34.Bf2 
Rd7 35.Kf3 Rh1 36.Kg2 Ra1 37.Kf3 Rh1 38.h4 h5 39.Rb5 Rc1 40.Be3 Rd3 41.f5 
Re1 42.fxg6+ Kxg6 43.Rg5+ Kf7 44.Rf4+ Ke8 45.Re4 Rxc3 46.Kf2 Ra1 47.g4 
Ra2+ 48.Kf3 hxg4+ 49.Rgxg4 Rh2 50.Rg3 Nb4 51.Kg4 Nd5 52.Bg5 Rxg3+ 53.Kxg3 
Rb2 54.Re5 Rb3+ 55.Kg4 Rd3 56.Kf5 Rd1 57.Kg6 Kd7 58.h5 Kd6 59.Rf5 Rg1 60.
h6 Nf6 61.Kf7 Rh1 62.Rf4 Nh7 63.Bxe7+ Ke5 64.Rh4 Rg1 65.Rh5+ 1-0

[Event "1st Tungsram it"]
[Site "Budapest HUN"]
[Date "1975.04.??"]
[Round "12"]
[White "Farago, Ivan"]
[WhiteElo "2460"]
[Black "Espig, Lutz"]
[BlackElo "2490"]
[Result "1-0"]
[EventDate "1975.03.18"]
[PlyCount "74"]

1.d4 d5 2.c4 e6 3.Nc3 c5 4.e3 Nf6 5.Nf3 a6 6.a3 dxc4 7.Bxc4 b5 8.Ba2 Bb7 
9.O-O cxd4 10.exd4 Be7 11.Bg5 O-O 12.Re1 Nc6 13.Qd3 b4 14.Na4 Qa5 15.Bxf6 
Bxf6 16.Nc5 Bc8 17.Rac1 bxa3 18.bxa3 Ne7 19.Ne4 Bb7 20.Nxf6+ gxf6 21.Rc5 
Qd8 22.Rh5 Ng6 23.d5 Bxd5 24.Bxd5 exd5 25.Qd2 Re8 26.Rd1 Qd6 27.Qh6 Qxa3 
28.Qxh7+ Kf8 29.Rhxd5 Re4 30.h4 Rg4 31.Rd7 Qb3 32.h5 Ne5 33.Nxe5 fxe5 34.
Qh8+ Rg8 35.Rd8+ Ke7 36.Qxe5+ Qe6 37.R1d7# 1-0

[Event "1st Tungsram it"]
[Site "Budapest HUN"]
[Date "1975.04.??"]
[Round "12"]
[White "Smejkal, Jan"]
[WhiteElo "2600"]
[Black "Bilek, Istvan"]
[BlackElo "2495"]
[Result "1-0"]
[EventDate "1975.03.18"]
[PlyCount "69"]

1.c4 g6 2.Nf3 Bg7 3.d4 c5 4.e4 d6 5.Nc3 Bg4 6.d5 a6 7.Be2 Nf6 8.O-O O-O 9.
h3 Bxf3 10.Bxf3 Nbd7 11.Be2 Ne8 12.Bg5 Bd4 13.Qd2 Ng7 14.Kh1 Re8 15.Rab1 
Qc7 16.f4 e6 17.dxe6 fxe6 18.f5 Ne5 19.f6 Nh5 20.Bxh5 gxh5 21.Ne2 Nf7 22.
Nxd4 cxd4 23.b3 e5 24.Rf5 Kh8 25.Bh6 Nxh6 26.Qxh6 Qf7 27.Rbf1 Rg8 28.Qxh5 
Rg6 29.c5 Rd8 30.Rg5 d3 31.cxd6 d2 32.Rxg6 Rxd6 33.Rg5 Qxh5 34.Rxh5 Rxf6 
35.Rd1 1-0

[Event "1st Tungsram it"]
[Site "Budapest HUN"]
[Date "1975.04.??"]
[Round "12"]
[White "Polugaevsky, Lev"]
[WhiteElo "2645"]
[Black "Szabo, Laszlo"]
[BlackElo "2545"]
[Result "1-0"]
[EventDate "1975.03.18"]
[PlyCount "69"]

1.d4 Nf6 2.c4 c5 3.d5 b5 4.cxb5 a6 5.bxa6 Bxa6 6.Nc3 d6 7.Nf3 g6 8.g3 Nbd7
9.Bh3 Nb6 10.O-O Bc4 11.Nd2 Bxd5 12.Nxd5 Nfxd5 13.e4 Nb4 14.e5 Bg7 15.exd6
Qxd6 16.a3 O-O 17.Bg2 Ra7 18.Ne4 Qxd1 19.Rxd1 Nc2 20.Rb1 c4 21.Bf1 Rc8 22.
Bd2 f5 23.Nc3 Rd7 24.Rbc1 Nd4 25.Be3 e5 26.f4 e4 27.Kf2 Rcd8 28.Rd2 Nb3 
29.Rxd7 Rxd7 30.Rd1 Bd4 31.Bxd4 Nxd4 32.a4 e3+ 33.Kxe3 Nc2+ 34.Kf2 Rxd1 
35.Nxd1 1-0

[Event "1st Tungsram it"]
[Site "Budapest HUN"]
[Date "1975.04.??"]
[Round "12"]
[White "Portisch, Lajos"]
[WhiteElo "2635"]
[Black "Mariotti, Sergio"]
[BlackElo "2495"]
[Result "1-0"]
[EventDate "1975.03.18"]
[PlyCount "81"]

1.d4 d5 2.c4 Nc6 3.Nf3 Bg4 4.Qa4 Bxf3 5.exf3 dxc4 6.Bxc4 e6 7.Nc3 Qxd4 8.
O-O Bd6 9.Rd1 Qe5 10.Ba6 Qxh2+ 11.Kf1 Ne7 12.Bxb7 O-O 13.Bxc6 Rab8 14.Bb5 
Qh1+ 15.Ke2 Qxg2 16.Be3 a6 17.Qxa6 Nf5 18.Ne4 Bh2 19.Qc6 Nxe3 20.Kxe3 f5 
21.Nc3 e5 22.Kd3 Qxf2 23.Qd5+ Kh8 24.Rd2 Qh4 25.Kc2 Bf4 26.Rg2 Be3 27.Qc4 
e4 28.Qe2 exf3 29.Qxf3 Bd4 30.Bc6 Rb6 31.Rc1 g5 32.Kb1 g4 33.Qd3 Bg7 34.
Ba4 f4 35.Qe4 Qh3 36.Bb3 Rg6 37.Rgg1 Qh4 38.Rh1 Qf6 39.Bc2 Bh6 40.Qb4 Rgg8
41.Nd5 1-0

[Event "1st Tungsram it"]
[Site "Budapest HUN"]
[Date "1975.04.??"]
[Round "12"]
[White "Pinter, Jozsef"]
[WhiteElo "2410"]
[Black "Adorjan, Andras"]
[BlackElo "2515"]
[Result "1/2-1/2"]
[EventDate "1975.03.18"]
[PlyCount "59"]

1.e4 c5 2.Nf3 Nc6 3.d4 cxd4 4.Nxd4 g6 5.Nc3 Bg7 6.Be3 Nf6 7.Bc4 O-O 8.Bb3 
d6 9.h3 Na5 10.O-O b6 11.Qd3 Nxb3 12.axb3 Bb7 13.f4 a6 14.Rae1 b5 15.e5 
dxe5 16.fxe5 Nd7 17.Bf4 Rc8 18.Qe3 Qb6 19.Rf2 e6 20.h4 Rc5 21.Nf3 Bxf3 22.
Qxf3 Nxe5 23.Qg3 Nc6 24.Be3 Bd4 25.Ne4 Rf5 26.Nf6+ Rxf6 27.Rxf6 Qd8 28.Rf2
Bxb2 29.Ref1 Be5 30.Bf4 1/2-1/2

[Event "1st Tungsram it"]
[Site "Budapest HUN"]
[Date "1975.04.??"]
[Round "13"]
[White "Sax, Gyula"]
[WhiteElo "2510"]
[Black "Pinter, Jozsef"]
[BlackElo "2410"]
[Result "1/2-1/2"]
[EventDate "1975.03.18"]
[PlyCount "58"]

1.e4 e5 2.Nf3 Nc6 3.Bc4 Nf6 4.d4 exd4 5.e5 d5 6.Bb5 Ne4 7.Nxd4 Bc5 8.Be3 
Bd7 9.Bxc6 bxc6 10.O-O O-O 11.f3 Ng5 12.Qd2 f6 13.Bxg5 fxg5 14.Kh1 Qe7 15.
Re1 g4 16.f4 g5 17.f5 Bxf5 18.Nxc6 Qe6 19.Nd4 Bxd4 20.Qxd4 Bxc2 21.Nc3 c6 
22.Rac1 Bg6 23.Na4 Rf4 24.Qd1 Be4 25.Nc5 Qxe5 26.Nd3 Qf5 27.Nxf4 gxf4 28.
Rf1 Rf8 29.Kg1 1/2-1/2

[Event "1st Tungsram it"]
[Site "Budapest HUN"]
[Date "1975.04.??"]
[Round "13"]
[White "Espig, Lutz"]
[WhiteElo "2490"]
[Black "Kirov, Nino"]
[BlackElo "2435"]
[Result "0-1"]
[EventDate "1975.03.18"]
[PlyCount "90"]

1.e4 c5 2.Nc3 Nc6 3.Nge2 e6 4.d4 cxd4 5.Nxd4 a6 6.Be2 Qc7 7.O-O Nf6 8.Be3 
Bb4 9.Na4 O-O 10.Nxc6 bxc6 11.f4 Be7 12.Bd3 c5 13.c4 d6 14.Qf3 Bb7 15.Nc3 
g6 16.Rae1 Nd7 17.Qh3 Bf6 18.f5 Rfe8 19.fxe6 fxe6 20.e5 Bg7 21.Rf7 Kxf7 
22.Qxh7 Nxe5 23.Bxg6+ Ke7 24.Bg5+ Kd7 25.Bxe8+ Rxe8 26.Qxg7+ Kc8 27.Qf6 
Qc6 28.Ne4 Nxc4 29.b3 Ne5 30.h4 Nd3 31.Re2 d5 32.Nf2 Nxf2 33.Qxf2 d4 34.h5
Rg8 35.Qf7 Rxg5 36.Qf8+ Kc7 37.Qf4+ Kb6 38.Qxg5 d3 39.Rf2 Qe4 40.Qf4 Qe1+ 
41.Kh2 e5 42.Qf6+ Bc6 43.Rf1 Qe2 44.Qf2 Qxh5+ 45.Kg1 Qg4 0-1

[Event "1st Tungsram it"]
[Site "Budapest HUN"]
[Date "1975.04.??"]
[Round "13"]
[White "Adorjan, Andras"]
[WhiteElo "2515"]
[Black "Farago, Ivan"]
[BlackElo "2460"]
[Result "1/2-1/2"]
[EventDate "1975.03.18"]
[PlyCount "46"]

1.e4 e6 2.Nf3 d5 3.Nc3 Nf6 4.e5 Nfd7 5.d4 c5 6.dxc5 Nc6 7.Bf4 Bxc5 8.Bd3 
f6 9.exf6 Nxf6 10.O-O O-O 11.Ne5 Bd7 12.Nxc6 Bxc6 13.Qe2 Qe7 14.Rae1 Rae8 
15.Be5 Qf7 16.Nb5 Bxb5 17.Bxb5 Re7 18.c3 Ne4 19.Bd4 Bxd4 20.cxd4 Qf6 21.
Qe3 Nd6 22.Bd3 Rfe8 23.Qe5 Nf7 1/2-1/2

[Event "1st Tungsram it"]
[Site "Budapest HUN"]
[Date "1975.04.??"]
[Round "13"]
[White "Bilek, Istvan"]
[WhiteElo "2495"]
[Black "Poutiainen, Pertti"]
[BlackElo "2395"]
[Result "0-1"]
[EventDate "1975.03.18"]
[Source "Pessi,Maki, 1994"]
[PlyCount "96"]

1.e4 Nf6 2.e5 Nd5 3.Nc3 Nxc3 4.bxc3 d6 5.f4 g6 6.d4 Bg7 7.Nf3 O-O 8.Be2 
dxe5 9.fxe5 c5 10.O-O Nc6 11.Rb1 Qd5 12.c4 Qe4 13.Bd3 Qg4 14.h3 Qd7 15.
dxc5 Nxe5 16.Nxe5 Qd4+ 17.Kh1 Bxe5 18.Qe2 Bf6 19.Be3 Qe5 20.Qf3 Qc3 21.Qe4
a5 22.Rb6 Qe5 23.Qf3 Bg7 24.Re1 e6 25.Rd6 a4 26.Rf1 Qb2 27.Bg5 f6 28.Bc1 
Qxa2 29.h4 f5 30.h5 Qa1 31.Bg5 Qe5 32.h6 Bf6 33.Be3 a3 34.Bd4 Qxd4 35.Rxd4
Bxd4 36.Qf4 Bb2 37.Qc7 a2 38.c6 bxc6 39.c3 Bxc3 40.c5 a1=Q 41.Rxa1 Rxa1+ 
42.Kh2 Re1 43.g3 Re3 44.Bc4 f4 45.gxf4 Re4 46.Bd3 Rexf4 47.Kg2 Rg4+ 48.Kh3
Rg1 0-1

[Event "1st Tungsram it"]
[Site "Budapest HUN"]
[Date "1975.04.??"]
[Round "13"]
[White "Szabo, Laszlo"]
[WhiteElo "2545"]
[Black "Smejkal, Jan"]
[BlackElo "2600"]
[Result "1/2-1/2"]
[EventDate "1975.03.18"]
[PlyCount "42"]

1.Nf3 Nf6 2.b3 g6 3.Bb2 Bg7 4.d4 O-O 5.Nbd2 c5 6.e3 cxd4 7.exd4 Nc6 8.Be2 
d5 9.O-O Ne4 10.c4 Qa5 11.cxd5 Nxd2 12.Qxd2 Qxd2 13.Nxd2 Nxd4 14.Bxd4 Bxd4
15.Rac1 Rd8 16.Bf3 Rb8 17.Rfe1 Kf8 18.Rc7 Bd7 19.Nc4 b5 20.d6 exd6 21.Nxd6
Bb6 1/2-1/2

[Event "1st Tungsram it"]
[Site "Budapest HUN"]
[Date "1975.04.??"]
[Round "13"]
[White "Mariotti, Sergio"]
[WhiteElo "2495"]
[Black "Polugaevsky, Lev"]
[BlackElo "2645"]
[Result "1-0"]
[EventDate "1975.03.18"]
[PlyCount "123"]

1.e4 c5 2.Nf3 d6 3.d4 cxd4 4.Qxd4 a6 5.c4 Nc6 6.Qd1 g6 7.h3 Bg7 8.Be2 Nf6 
9.Nc3 O-O 10.O-O Bd7 11.Be3 Rb8 12.Nd2 Ne8 13.Nb3 b6 14.Qd2 Nc7 15.Bh6 Ne6
16.Bxg7 Kxg7 17.f4 Nc5 18.Nd4 f6 19.Nc2 a5 20.Ne3 Bc8 21.Rad1 Bb7 22.Bf3 
a4 23.Qc1 e5 24.Nb5 exf4 25.Rxd6 Qe8 26.Ng4 h5 27.Nxf6 Rxf6 28.Rxf6 Kxf6 
29.Qxf4+ Kg7 30.Bxh5 gxh5 31.Qf6+ Kh7 32.Qh4 Ne6 33.Nd6 Qg6 34.Rf5 Ncd4 
35.Rxh5+ Kg8 36.Kh2 Rf8 37.Rh8+ Kg7 38.Rxf8 Kxf8 39.Nxb7 Ng5 40.Qh8+ Ke7 
41.Qxd4 Nxe4 42.Qd8+ Kf7 43.Qc7+ Kg8 44.c5 bxc5 45.Nxc5 Nd6 46.Qd8+ Kf7 
47.Qd7+ Kg8 48.Ne6 Ne4 49.Qc8+ Kf7 50.Nd8+ Ke7 51.Qc7+ Kf8 52.Nc6 Nd6 53.
Qe7+ Kg8 54.Nd4 Nf7 55.Ne6 Nh6 56.g4 Nxg4+ 57.hxg4 Qh6+ 58.Kg2 Qd2+ 59.Kf3
Qd1+ 60.Kf4 Qd2+ 61.Kf5 Qc2+ 62.Kg5 1-0

[Event "1st Tungsram it"]
[Site "Budapest HUN"]
[Date "1975.04.??"]
[Round "14"]
[White "Ribli, Zoltan"]
[WhiteElo "2520"]
[Black "Espig, Lutz"]
[BlackElo "2490"]
[Result "1-0"]
[EventDate "1975.03.18"]
[PlyCount "132"]

1.Nf3 d5 2.g3 c5 3.Bg2 Nc6 4.d4 e6 5.O-O Nf6 6.c4 Be7 7.cxd5 exd5 8.Nc3 
O-O 9.Bg5 Be6 10.dxc5 Bxc5 11.Bxf6 Qxf6 12.Nxd5 Qxb2 13.Nc7 Rad8 14.Qc1 
Qxc1 15.Raxc1 Bb6 16.Nxe6 fxe6 17.Rc4 h6 18.Re4 Rf6 19.h4 Rd5 20.Bh3 Kf7 
21.Kg2 Ke7 22.Rc1 Kd6 23.e3 Ne5 24.Nxe5 Rxe5 25.Rxe5 Kxe5 26.Rc8 Kd6 27.
Re8 e5 28.Bg4 Rf7 29.Re6+ Kd5 30.Rg6 Re7 31.Bd1 Kc5 32.Kf3 Ba5 33.Ke4 b5 
34.Bb3 Be1 35.f3 a5 36.h5 a4 37.Bd5 b4 38.g4 Bh4 39.Rc6+ Kb5 40.Rc8 Ra7 
41.Kxe5 Bf6+ 42.Ke4 Kb6 43.Rb8+ Kc5 44.Bg8 Re7+ 45.Kd3 Rd7+ 46.Ke2 Rd8 47.
Rxd8 Bxd8 48.Kd3 b3 49.axb3 axb3 50.Bxb3 Kd6 51.f4 Ke7 52.e4 Kf8 53.e5 Be7
54.Ke4 Bd8 55.Kf5 Bh4 56.g5 hxg5 57.Kg4 Be1 58.Kxg5 Bd2 59.Kf5 Bc1 60.Bc4 
Bd2 61.Ke4 Bc1 62.h6 gxh6 63.f5 h5 64.f6 h4 65.e6 Ba3 66.Kf3 1-0

[Event "1st Tungsram it"]
[Site "Budapest HUN"]
[Date "1975.04.??"]
[Round "14"]
[White "Pinter, Jozsef"]
[WhiteElo "2410"]
[Black "Bilek, Istvan"]
[BlackElo "2495"]
[Result "1-0"]
[EventDate "1975.03.18"]
[PlyCount "118"]

1.e4 c6 2.d4 d5 3.Nd2 g6 4.Ngf3 Bg7 5.h3 Nh6 6.Bd3 f6 7.O-O O-O 8.Re1 Nf7 
9.Qe2 e6 10.c4 Nd7 11.b3 Nb6 12.Bb2 Bd7 13.a4 a5 14.Bc3 Re8 15.Qd1 Qc7 16.
Rc1 Bh6 17.Rc2 Qd8 18.Ra2 Bg7 19.Qa1 Ra7 20.Nf1 Ra8 21.Ne3 f5 22.e5 Ng5 
23.Nxg5 Qxg5 24.Bd2 Qh4 25.c5 Nc8 26.Kh2 Qxf2 27.Nxf5 exf5 28.Bg5 Qxe1 29.
Qxe1 b6 30.cxb6 Nxb6 31.Bd2 c5 32.Bxa5 Nc8 33.Bc3 cxd4 34.Bxd4 Nd6 35.Rc2 
Nf7 36.Rc7 Nxe5 37.Qc3 Rac8 38.Rxc8 Rxc8 39.Qa1 Re8 40.Bb5 Bxb5 41.axb5 f4
42.b6 f3 43.Qa5 Nf7 44.Bf2 Be5+ 45.Kg1 d4 46.gxf3 d3 47.b7 Bb8 48.Qd2 Rd8 
49.Be3 Rd7 50.Qc3 Rd8 51.Qc8 Kg7 52.Bg5 Ba7+ 53.Kf1 Rd5 54.Qa8 Ra5 55.Be3 
Ra1+ 56.Kg2 d2 57.Bxd2 Rg1+ 58.Kh2 Ne5 59.b8=Q 1-0

[Event "1st Tungsram it"]
[Site "Budapest HUN"]
[Date "1975.04.??"]
[Round "14"]
[White "Kirov, Nino"]
[WhiteElo "2435"]
[Black "Adorjan, Andras"]
[BlackElo "2515"]
[Result "1/2-1/2"]
[EventDate "1975.03.18"]
[PlyCount "36"]

1.Nf3 c5 2.c4 g6 3.d4 Bg7 4.e4 Qa5+ 5.Bd2 Qb6 6.Bc3 cxd4 7.Bxd4 Bxd4 8.
Qxd4 Qxd4 9.Nxd4 Nc6 10.Nb5 Rb8 11.Nc7+ Kf8 12.Nc3 d6 13.N7d5 Kg7 14.f4 
Nf6 15.Be2 Nxd5 16.cxd5 Nd4 17.Bd3 b5 18.Ne2 1/2-1/2

[Event "1st Tungsram it"]
[Site "Budapest HUN"]
[Date "1975.04.??"]
[Round "14"]
[White "Hulak, Krunoslav"]
[WhiteElo "2475"]
[Black "Holm, Sejer"]
[BlackElo "2390"]
[Result "1-0"]
[EventDate "1975.03.18"]
[PlyCount "62"]

1.e4 c5 2.Nf3 d6 3.d4 cxd4 4.Nxd4 Nf6 5.Nc3 Nc6 6.f4 Qb6 7.Nb3 e6 8.Qf3 a6
9.Bd3 Nb4 10.Be3 Qc7 11.O-O b5 12.a3 Nxd3 13.cxd3 Bb7 14.Rac1 Qd8 15.Qg3 
g6 16.e5 Nd7 17.Ne4 dxe5 18.fxe5 Bxe4 19.dxe4 Bg7 20.Rfd1 Bxe5 21.Rxd7 
Bxg3 22.Rxd8+ Rxd8 23.hxg3 O-O 24.Kf2 Rc8 25.Nc5 a5 26.Bd2 a4 27.Bb4 Rfd8 
28.Ke3 f5 29.Rc3 Rd1 30.Nxa4 Rcd8 31.Nc5 R8d2 1-0

[Event "1st Tungsram it"]
[Site "Budapest HUN"]
[Date "1975.04.??"]
[Round "14"]
[White "Farago, Ivan"]
[WhiteElo "2460"]
[Black "Sax, Gyula"]
[BlackElo "2510"]
[Result "1/2-1/2"]
[EventDate "1975.03.18"]
[PlyCount "48"]

1.d4 Nf6 2.c4 g6 3.Nc3 d5 4.Bf4 Bg7 5.Nf3 O-O 6.e3 c5 7.dxc5 Ne4 8.Rc1 
Nxc3 9.bxc3 Qa5 10.cxd5 Bxc3+ 11.Nd2 Nd7 12.Qc2 Bb4 13.e4 Nxc5 14.Bc4 b5 
15.Be2 Bd7 16.O-O Rfc8 17.Nb3 Nxb3 18.Qxb3 Ba3 19.Rc7 Rxc7 20.Bxc7 Qb4 21.
Qd3 Rc8 22.Be5 Rc4 23.Qe3 Rxe4 24.Qxa7 Qc5 1/2-1/2

[Event "1st Tungsram it"]
[Site "Budapest HUN"]
[Date "1975.04.??"]
[Round "14"]
[White "Smejkal, Jan"]
[WhiteElo "2600"]
[Black "Mariotti, Sergio"]
[BlackElo "2495"]
[Result "1/2-1/2"]
[EventDate "1975.03.18"]
[PlyCount "80"]

1.c4 e5 2.Nc3 Nf6 3.g3 c6 4.d4 exd4 5.Qxd4 d5 6.Bg2 Be6 7.cxd5 cxd5 8.Nf3 
Nc6 9.Qa4 Bc5 10.O-O O-O 11.Bg5 h6 12.Bxf6 Qxf6 13.Rac1 Qe7 14.Rfd1 Rfd8 
15.Nb5 Rac8 16.e3 Bb6 17.Nbd4 Bd7 18.Nxc6 bxc6 19.Qc2 Qf6 20.Qc3 Qxc3 21.
Rxc3 c5 22.Rxd5 Be6 23.Rxd8+ Rxd8 24.Bf1 Rd1 25.Kg2 Bxa2 26.Bc4 Bb1 27.Bb3
Rd8 28.Bc2 Bxc2 29.Rxc2 Rb8 30.Ne5 f6 31.Nc4 Bc7 32.e4 Kf7 33.Rd2 Ke6 34.
Rd5 Rb5 35.f4 Bb6 36.f5+ Ke7 37.Rd3 Rb4 38.Rc3 Bc7 39.Kf3 h5 40.Ke3 a5 
1/2-1/2

[Event "1st Tungsram it"]
[Site "Budapest HUN"]
[Date "1975.04.??"]
[Round "14"]
[White "Portisch, Lajos"]
[WhiteElo "2635"]
[Black "Polugaevsky, Lev"]
[BlackElo "2645"]
[Result "1/2-1/2"]
[EventDate "1975.03.18"]
[PlyCount "66"]

1.Nf3 Nf6 2.c4 b6 3.g3 c5 4.Bg2 Bb7 5.O-O g6 6.Nc3 Bg7 7.d4 cxd4 8.Nxd4 
Bxg2 9.Kxg2 Qc8 10.b3 Qb7+ 11.f3 d5 12.cxd5 Nxd5 13.Nxd5 Qxd5 14.Be3 Nc6 
15.Nxc6 Qxc6 16.Rc1 Qe6 17.Qd3 O-O 18.Rc4 f5 19.Rd1 Kf7 20.Kf2 Rac8 21.
Rdc1 Rfd8 22.Qc2 Rxc4 23.Qxc4 Qxc4 24.Rxc4 Be5 25.Ke1 Ke6 26.a4 Rd7 27.Bg5
Rc7 28.Rxc7 Bxc7 29.Kd2 Bd6 30.Kd3 Kd5 31.e4+ fxe4+ 32.fxe4+ Kc5 33.Be3+ 
Kb4 1/2-1/2

[Event "1st Tungsram it"]
[Site "Budapest HUN"]
[Date "1975.04.??"]
[Round "15"]
[White "Sax, Gyula"]
[WhiteElo "2510"]
[Black "Kirov, Nino"]
[BlackElo "2435"]
[Result "1-0"]
[EventDate "1975.03.18"]
[PlyCount "66"]

1.e4 c5 2.Nf3 e6 3.d4 cxd4 4.Nxd4 Nc6 5.Nc3 a6 6.Be2 Qc7 7.O-O Nf6 8.Kh1 
d6 9.f4 Be7 10.Be3 O-O 11.Qe1 Bd7 12.Qg3 b5 13.e5 Ne8 14.Rad1 Kh8 15.Nf3 
f5 16.exf6 Nxf6 17.Ng5 d5 18.Qh3 b4 19.Nxh7 Nxh7 20.Bd3 Rf5 21.Bxf5 exf5 
22.Nxd5 Qb7 23.Nb6 Rd8 24.Nxd7 Rxd7 25.Qxf5 Rxd1 26.Rxd1 Nf6 27.Rd3 Nd8 
28.Bd4 Kg8 29.Rg3 Kf8 30.h4 Qc6 31.h5 Ne6 32.Bxf6 Bxf6 33.h6 1-0

[Event "1st Tungsram it"]
[Site "Budapest HUN"]
[Date "1975.04.??"]
[Round "15"]
[White "Espig, Lutz"]
[WhiteElo "2490"]
[Black "Hulak, Krunoslav"]
[BlackElo "2475"]
[Result "1/2-1/2"]
[EventDate "1975.03.18"]
[PlyCount "24"]

1.c4 g6 2.Nc3 Bg7 3.g3 c5 4.Bg2 Nc6 5.Nf3 e6 6.O-O Nge7 7.e3 O-O 8.d4 cxd4
9.Nxd4 d5 10.cxd5 Nxd4 11.exd4 Nxd5 12.Nxd5 exd5 1/2-1/2